00686nas a2200229Ia 4500001001600000003001000016008004100026040002500067041001300092100001600105210001900121222001900140245004700159250001100206260000900217501012300226300001400349362002400363500003500387650002300422700001100445A50/R191-50314 IT-MiCISF161014c99999999xx |||||||||||| ||und|| aIT-MiCISFcIT-MiCISF aITALIANO aDoldi Marco aSì alla vita aSì alla vita 0aRisposta metafisica alla deriva eutanasica a1a ed. c2011 bCISF - Centro Internazionale Studi Famiglia - Via Giotto, 36 20145 MILANO (non commercial uses only)cCopyright 2016 app. 16-18 an. 4, aprile [2011] a Tema: eutanasia, legislazione aBIOETICAvarticolo aAA.VV.